Some aspects of Paite (Tedim Chin) syntax / (Record no. 2454)
[ view plain ]
| 000 -LEADER | |
|---|---|
| fixed length control field | 00966nam a2200277 a 4500 |
| 001 - CONTROL NUMBER | |
| control field | 4467278 |
| 003 - CONTROL NUMBER IDENTIFIER | |
| control field | GBCCL |
| 005 - DATE AND TIME OF LATEST TRANSACTION | |
| control field | 20241126110429.0 |
| 008 - FIXED-LENGTH DATA ELEMENTS--GENERAL INFORMATION | |
| fixed length control field | 950914s1989 ii b s000 0 eng |
| 010 ## - | |
| -- | 95904193 |
| 025 ## - OVERSEAS ACQUISITION NUMBER | |
| Overseas acquisition number | I-E-95904193 |
| 040 ## - CATALOGING SOURCE | |
| Original cataloging agency | DLC |
| Transcribing agency | DLC |
| 042 ## - | |
| -- | lcode |
| 050 00 - | |
| -- | PL4001.P28 |
| -- | S27 1989 |
| 082 00 - DEWEY DECIMAL CLASSIFICATION NUMBER | |
| Classification number | 495.4 |
| Edition information | 20 |
| Item number | SIN |
| 100 2# - MAIN ENTRY--PERSONAL NAME | |
| Personal name | Saratchandra Singh, N. |
| 9 (RLIN) | 721 |
| 245 10 - TITLE STATEMENT | |
| Title | Some aspects of Paite (Tedim Chin) syntax / |
| Statement of responsibility, etc. | by N. Saratchandra Singh. |
| 260 ## - PUBLICATION, DISTRIBUTION, ETC. | |
| Place of publication, distribution, etc. | [Imphal] : |
| Name of publisher, distributor, etc. | Directorate for Development of Tribals & Backward Classes, Govt. of Manipur, |
| Date of publication, distribution, etc. | 1989. |
| 300 ## - PHYSICAL DESCRIPTION | |
| Extent | viii, 95 p. ; |
| Dimensions | 23 cm. |
| 504 ## - BIBLIOGRAPHY, ETC. NOTE | |
| Bibliography, etc. note | Includes bibliographical references (p. [89]-95). |
| 650 #0 - SUBJECT ADDED ENTRY--TOPICAL TERM | |
| Topical term or geographic name entry element | Paite language |
| General subdivision | Syntax. |
| 9 (RLIN) | 5088 |
| 710 1# - ADDED ENTRY--CORPORATE NAME | |
| Corporate name or jurisdiction name as entry element | Manipur (India). |
| Subordinate unit | Directorate for Development of Tribals and Backward Classes. |
| 9 (RLIN) | 5089 |
| 906 ## - LOCAL DATA ELEMENT F, LDF (RLIN) | |
| a | 7 |
| b | cbc |
| c | origode |
| d | 3 |
| e | ncip |
| f | 19 |
| g | y-gencatlg |
| 942 ## - ADDED ENTRY ELEMENTS (KOHA) | |
| Source of classification or shelving scheme | Dewey Decimal Classification |
| Koha item type | Books |
| Withdrawn status | Lost status | Source of classification or shelving scheme | Damaged status | Not for loan | Home library | Current Library | Shelving location | Date acquired | Total checkouts | Full call number | Barcode | Date last seen | Copy number | Price effective from | Koha item type |
|---|---|---|---|---|---|---|---|---|---|---|---|---|---|---|---|
| Dewey Decimal Classification | GRACE BIBLE COLLEGE | GRACE BIBLE COLLEGE | North East Collection | 2017-08-16 | 495.4 SIN | 003790 | 2025-05-01 | c.1 | 2017-08-16 | Books | |||||
| Dewey Decimal Classification | GRACE BIBLE COLLEGE | GRACE BIBLE COLLEGE | North East Collection | 2017-08-16 | 495.4 SIN | 003791 | 2025-05-01 | c.2 | 2017-08-16 | Books | |||||
| Dewey Decimal Classification | GRACE BIBLE COLLEGE | GRACE BIBLE COLLEGE | North East Collection | 2017-08-16 | 495.4 SIN | 003792 | 2025-05-01 | c.3 | 2017-08-16 | Books | |||||
| Dewey Decimal Classification | GRACE BIBLE COLLEGE | GRACE BIBLE COLLEGE | North East Collection | 2017-08-16 | 495.4 SIN | 003793 | 2025-05-01 | c.4 | 2017-08-16 | Books | |||||
| Dewey Decimal Classification | GRACE BIBLE COLLEGE | GRACE BIBLE COLLEGE | North East Collection | 2017-08-16 | 495.4 SIN | 003794 | 2025-05-01 | c.5 | 2017-08-16 | Books |